Brechas tecnológicas en la finalización de ganado bovino en el Estado de Aguascalientes / (Record no. 169866)
[ view plain ]
| 000 -CABECERA | |
|---|---|
| campo de control de longitud fija | 01434nam a2200373Ia 4500 |
| 001 - NÚMERO DE CONTROL | |
| campo de control | Z_6595 |
| 003 - IDENTIFICADOR DEL NÚMERO DE CONTROL | |
| campo de control | CHAP |
| 005 - FECHA Y HORA DE LA ÚLTIMA TRANSACCIÓN | |
| campo de control | 20250617130616.0 |
| 008 - DATOS DE LONGITUD FIJA--INFORMACIÓN GENERAL | |
| campo de control de longitud fija | 220113s2013 xx 000 0 und d |
| 010 ## - NÚMERO DE CONTROL DE LA BIBLIOTECA DEL CONGRESO | |
| Número de control de LC | 169866 |
| 040 ## - FUENTE DE LA CATALOGACIÓN | |
| Centro/agencia transcriptor | CHAP |
| 090 ## - LOCALMENTE ASIGNADO TIPO-LC NÚMERO DE CLASIFICACIÓN (OCLC); NÚMERO DE CLASIFICACIÓN LOCAL (RLIN) | |
| Número de clasificación (OCLC) (R) ; Numero de clasificación, CALL (RLIN) (NR) | Tesis L64 2336 |
| 100 ## - ENTRADA PRINCIPAL--NOMBRE DE PERSONA | |
| Nombre de persona | Loera Alvarado, Luz Andrea |
| 9 (RLIN) | 125924 |
| 245 ## - MENCIÓN DE TÍTULO | |
| Título | Brechas tecnológicas en la finalización de ganado bovino en el Estado de Aguascalientes / |
| Mención de responsabilidad, etc. | Luz Andrea Loera Alvarado y Alma Lucila Zuñiga Clemens |
| 260 ## - PUBLICACIÓN, DISTRIBUCIÓN, ETC. | |
| Lugar de publicación, distribución, etc. | México : |
| Nombre del editor, distribuidor, etc. | El autor, |
| Fecha de publicación, distribución, etc. | 2013 |
| 300 ## - DESCRIPCIÓN FÍSICA | |
| Extensión | 94 p |
| 502 ## - NOTA DE TESIS | |
| Nota de tesis | Tesis (Ingeniero Agrónomo Especialista en Zootecnia) -- UACh, 2013 \ Director: Hermilo Suárez Domínguez; asesoría: José Ma. Fernando Copado Bueno y Leticia Myriam Sagarnaga Villegas |
| 650 ## - PUNTO DE ACCESO ADICIONAL DE MATERIA--TÉRMINO DE MATERIA | |
| Término de materia o nombre geográfico como elemento de entrada | Bovino para carne |
| 9 (RLIN) | 145302 |
| 650 ## - PUNTO DE ACCESO ADICIONAL DE MATERIA--TÉRMINO DE MATERIA | |
| Término de materia o nombre geográfico como elemento de entrada | Conducta de los animales |
| 9 (RLIN) | 145303 |
| 650 ## - PUNTO DE ACCESO ADICIONAL DE MATERIA--TÉRMINO DE MATERIA | |
| Término de materia o nombre geográfico como elemento de entrada | Ganado bovino |
| 9 (RLIN) | 138033 |
| 650 ## - PUNTO DE ACCESO ADICIONAL DE MATERIA--TÉRMINO DE MATERIA | |
| Término de materia o nombre geográfico como elemento de entrada | Manejo de la alimentación |
| 9 (RLIN) | 145304 |
| 650 ## - PUNTO DE ACCESO ADICIONAL DE MATERIA--TÉRMINO DE MATERIA | |
| Término de materia o nombre geográfico como elemento de entrada | Relación beneficio |
| Subdivisión general | costo |
| 9 (RLIN) | 145305 |
| 650 ## - PUNTO DE ACCESO ADICIONAL DE MATERIA--TÉRMINO DE MATERIA | |
| Término de materia o nombre geográfico como elemento de entrada | Rentabilidad |
| 9 (RLIN) | 145306 |
| 700 1# - PUNTO DE ACCESO ADICIONAL--NOMBRE DE PERSONA | |
| Nombre de persona | Copado Bueno, José María Fernando |
| 9 (RLIN) | 143261 |
| 700 ## - PUNTO DE ACCESO ADICIONAL--NOMBRE DE PERSONA | |
| Nombre de persona | Sagarnaga Villegas, Leticia Myriam, asesor |
| 9 (RLIN) | 145307 |
| 700 ## - PUNTO DE ACCESO ADICIONAL--NOMBRE DE PERSONA | |
| Nombre de persona | Suárez Domínguez, Hermilo, director |
| 700 ## - PUNTO DE ACCESO ADICIONAL--NOMBRE DE PERSONA | |
| Nombre de persona | Zuñiga Clemens, Alma Lucila, coaut. |
| 9 (RLIN) | 145308 |
| 856 42 - LOCALIZACIÓN Y ACCESO ELECTRÓNICOS | |
| Identificador Uniforme del Recurso | <a href="http://10.13.5.2/tesis/sist108862.pdf">http://10.13.5.2/tesis/sist108862.pdf</a> |
| Texto de enlace | Descargar PDF |
| 901 ## - ELEMENTOS DE DATOS A LOCAL LDA (RLIN) | |
| a | TESIS L64 2336 |
| 902 ## - ELEMENTOS DE DATOS B LOCAL, LDB (RLIN) | |
| a | A |
| 910 ## - DATOS DE OPCIÓN DEL USUARIO (OCLC) | |
| Datos de opción del usuario | 2013 |
| 942 ## - ELEMENTOS DE PUNTO DE ACCESO ADICIONAL (KOHA) | |
| Tipo de ítem Koha | Tesis_ |
| Fuente del sistema de clasificación o colocación | Dewey Decimal Classification |
| 942 ## - ELEMENTOS DE PUNTO DE ACCESO ADICIONAL (KOHA) | |
| Tipo de ítem Koha | Tesis_ |
| Fuente del sistema de clasificación o colocación | Dewey Decimal Classification |
| Estado de retiro | Estado de pérdida | Fuente del sistema de clasificación o colocación | Estado dañado | No para préstamo | Código de colección | Localización permanente | Ubicación/localización actual | Fecha de adquisición | Fuente de adquisición | Total de préstamos | Signatura topográfica completa | Código de barras | Fecha visto por última vez | Número de copia | Precio válido a partir de | Tipo de ítem Koha | Restricciones de uso |
|---|---|---|---|---|---|---|---|---|---|---|---|---|---|---|---|---|---|
| Clasificación Universidad Autónoma de Chapingo | Excluido de préstamo | Tesis | Zootecnia | Zootecnia | 23/05/2015 | El autor | Tesis L64 2336 | z_T 4189 | 18/01/2022 | 1 | 18/01/2022 | CD | |||||
| Clasificación Universidad Autónoma de Chapingo | Excluido de préstamo | Tesis | Zootecnia | Zootecnia | 23/05/2015 | El autor | Tesis J64 2336 | z_T 4190 | 18/01/2022 | 2 | 18/01/2022 | CD | |||||
| Clasificación Universidad Autónoma de Chapingo | Tesis | Zootecnia | Zootecnia | 23/05/2015 | El autor | Tesis L64 2336 | z_T 4191 | 18/01/2022 | 3 | 18/01/2022 | Tesis | Préstamo 5 días |
